| 000 -LEADER |
| fixed length control field |
02425cam a22003372 b4500 |
| 001 - CONTROL NUMBER |
| control field |
10970084 |
| 003 - CONTROL NUMBER IDENTIFIER |
| control field |
Nust |
| 005 - DATE AND TIME OF LATEST TRANSACTION |
| control field |
20170105101224.0 |
| 006 - FIXED-LENGTH DATA ELEMENTS--ADDITIONAL MATERIAL CHARACTERISTICS |
| fixed length control field |
m d |
| 007 - PHYSICAL DESCRIPTION FIXED FIELD--GENERAL INFORMATION |
| fixed length control field |
cr n |
| 008 - FIXED-LENGTH DATA ELEMENTS--GENERAL INFORMATION |
| fixed length control field |
980312e19981001ncua es|||||||| 2|eng|d |
| 020 ## - INTERNATIONAL STANDARD BOOK NUMBER |
| International Standard Book Number |
9780195211184 |
| 020 ## - INTERNATIONAL STANDARD BOOK NUMBER |
| International Standard Book Number |
0195211189 (Trade Paper) |
| Terms of availability |
USD 26.00 Retail Price (World Bank Publications) |
| 024 3# - OTHER STANDARD IDENTIFIER |
| Standard number or code |
9780195211184 |
| 035 ## - SYSTEM CONTROL NUMBER |
| System control number |
(WaSeSS)ssj0000090348 |
| 037 ## - SOURCE OF ACQUISITION |
| Stock number |
9780195211184 |
| Source of stock number/acquisition |
00020142 |
| 040 ## - CATALOGING SOURCE |
| Original cataloging agency |
BIP US |
| Modifying agency |
WaSeSS |
| Transcribing agency |
0 |
| 110 2# - MAIN ENTRY--CORPORATE NAME |
| Corporate name or jurisdiction name as entry element |
World Bank Staff |
| Relator term |
Author |
| 210 10 - ABBREVIATED TITLE |
| Abbreviated title |
Knowledge for Development, 1998-1999 |
| 245 10 - TITLE STATEMENT |
| Title |
Knowledge for Development, 1998-1999 |
| Medium |
[electronic resource] |
| 260 ## - PUBLICATION, DISTRIBUTION, ETC. |
| Place of publication, distribution, etc. |
New York : |
| Name of publisher, distributor, etc. |
Oxford University Press, Incorporated |
| Date of publication, distribution, etc. |
Oct. 1998 |
| Place of publication, distribution, etc. |
Herndon : |
| Name of publisher, distributor, etc. |
World Bank Publications [Distributor] |
| 300 ## - PHYSICAL DESCRIPTION |
| Extent |
248p |
| 440 #2 - SERIES STATEMENT/ADDED ENTRY--TITLE |
| Title |
A World Bank Publication |
| 506 ## - RESTRICTIONS ON ACCESS NOTE |
| Terms governing access |
License restrictions may limit access. |
| 520 8# - SUMMARY, ETC. |
| Summary, etc. |
Annotation |
| Expansion of summary note |
World Development Report 1998-1999, now in its twenty-first edition, focuses on the role of knowledge and information as a factor of development, including the important trade-offs in strategies and policies and many other challenges. It examines such important questions as why have somedeveloping countries been able to exploit the rapidly increasing stock of global knowledge more than others and what can be done to help those falling behind? The Report also looks at the challenge of finding the balance between private initiative and public intervention that encourages innovationand manages attendant risks. It deals with the role of international assistance and international organizations, which can help develop understanding about these complex processes, help to transfer lessons of development experience across countries, and help finance crucial knowledge investments ofimportance to developing countries. Known as the standard reference for international economic data, the World Development Report 1998-1999 provides a set of Selected World Development Indicators as an appendix, presenting social and economic statistics for more than 200 countries. |
| 521 ## - TARGET AUDIENCE NOTE |
| Target audience note |
College Audience |
| Source |
Oxford University Press, Incorporated |
| 773 #0 - HOST ITEM ENTRY |
| Title |
Open Knowledge Repository |
| 856 40 - ELECTRONIC LOCATION AND ACCESS |
| Uniform Resource Identifier |
<a href="http://www.columbia.edu/cgi-bin/cul/resolve?clio10970084">http://www.columbia.edu/cgi-bin/cul/resolve?clio10970084</a> |
| Public note |
Full text available from Open Knowledge Repository |
| 910 ## - USER-OPTION DATA (OCLC) |
| User-option data |
Bowker Global Books in Print record |
| 942 ## - ADDED ENTRY ELEMENTS (KOHA) |
| Source of classification or shelving scheme |
|
| Koha item type |
Book |